Perspektivy Fair Trade výrobků očima českých spotřebitelů
Spoločenská zodpovednosť firiem. Koncept Fair Trade (FT), známka FT. Vnímanie FT vo svete a českými spotrebiteľmi.
Na minha lista:
| Autor principal: | |
|---|---|
| Outros Autores: | |
| Formato: | Capítulo de Livro |
| Idioma: | tcheco |
| Assuntos: | |
| Tags: |
Sem tags, seja o primeiro a adicionar uma tag!
|
MARC
| LEADER | 00000naa$a2200000$$$4500 | ||
|---|---|---|---|
| 001 | 0109042 | ||
| 005 | 20231114080222.5 | ||
| 041 | 0 | |a cze | |
| 044 | |a CZ | ||
| 245 | 1 | 0 | |a Perspektivy Fair Trade výrobků očima českých spotřebitelů |c Lenka Králová, Lucie Kuldová |
| 520 | |a Spoločenská zodpovednosť firiem. Koncept Fair Trade (FT), známka FT. Vnímanie FT vo svete a českými spotrebiteľmi. | ||
| 610 | 2 | 0 | |a firmy |
| 610 | 2 | 0 | |a zodpovednosť spoločenská |
| 610 | 2 | 0 | |a obchod |
| 610 | 2 | 0 | |a spravodlivosť |
| 610 | 2 | 0 | |a spotrebitelia |
| 100 | 1 | |a Králová, Lenka | |
| 700 | 1 | |a Kuldová, Lucie | |